| 000 | 01477cam a2200421Li 4500 | ||
|---|---|---|---|
| 001 | 96546 | ||
| 005 | 20230410103646.0 | ||
| 008 | 921015s1991 it 000 0 ita d | ||
| 035 | _a(OCoLC)ocn463537064 | ||
| 040 |
_aBDF _bfre _cBDF |
||
| 015 |
_a59301571 _2bnf |
||
| 016 | 7 |
_aFRBNF355319470000007 _2FrPBN |
|
| 020 | _a8875144052 | ||
| 020 | _a9788875144050 | ||
| 029 | 1 |
_aZWZ _b091605687 |
|
| 035 | _a(OCoLC)463537064 | ||
| 050 | 1 | 4 |
_a300 DG 552.8 _bM477d 1991 |
| 082 | 0 | 0 | _a809.034 |
| 082 | 1 | _a850.9 | |
| 049 | _aGRAL | ||
| 100 | 1 |
_aMazzini, Giuseppe, _d1805-1872. |
|
| 245 | 1 | 0 |
_aD'Una Letteratura Europea, E Altri Saggi / _cGiuseppe Mazzini ; Introd. e cura di Paolo Mario Sipala. |
| 260 |
_aItalia : _bSchena Editore , _c1991. |
||
| 300 |
_a276 p. : _bcouv. ill. ; _c17 cm. |
||
| 490 | 0 | _aPiccola Biblioteca Dell'Ottocento, Diretta Da Michele Dell'Aquila | |
| 500 | _aStoria/ Crítica/ Testi. | ||
| 650 | 7 |
_aLitterature européenne _xHistoire et critique. _2ram |
|
| 650 | 7 |
_aLitterature italienne _xHistoire et critique. _2ram |
|
| 700 | 1 |
_aSipala, Paolo Mario. _4edt |
|
| 856 | 4 | 2 |
_3Notice et cote du catalogue de la Bibliotháeque nationale de France _uhttp://catalogue.bnf.fr/ark:/12148/cb35531947x |
| 886 | 1 |
_2intermrc _a009 _bax---r------------- |
|
| 886 | 2 |
_2intermrc _a680 _b5- _a820 |
|
| 886 | 2 |
_2intermrc _a917 _b-- _oOPL _a014566268 |
|
| 886 | 2 |
_2intermrc _a998 _b-- _oGEA _a002764438 |
|
| 942 |
_2lcc _cbk |
||
| 994 |
_aC0 _bDRFGD |
||
| 946 | _aJP | ||
| 999 |
_c23401 _d23401 |
||